| 000 | 00380pam a2200157 a 4500 | ||
|---|---|---|---|
| 020 |
_a9783131475312 _c |
||
| 041 | _h | ||
| 082 |
_a617.3 _bLOB |
||
| 100 | _aLOBENHOFFER P., HEERWAARDEN ,.STAUBLI A.E. | ||
| 245 |
_aOSTEOTOMIES AROUND THE KNEE _hTextual Documents |
||
| 250 | _a1. | ||
| 260 |
_bTHIEME _c2012 |
||
| 300 |
_a278: _bXVIII; _cHB. |
||
| 930 | _a5592 | ||
| 999 |
_c800119 _d800119 |
||
| 650 | _aORTHO | ||